Szczegóły MARC21

Konstrukcje geometryczne : jak sobie z nimi radzić /

003 -Nazwa inst., której nr kontr. jest w polu 001 [,]
    • @
    • Nazwa instytucji, której n kontrolny jest w polu 001
    • NUKAT
005 -DATA I CZAS OSTATNIEJ MODYFIKACJI [,]
    • @
    • pole kontrolne
    • 20241231110639.0
020 -Międzynarod. znormalizowany nr książki - ISBN [ , ]
    • a
    • Numer ISBN
    • 8385694196 Find
040 -Instytucja sporządzająca opis [ , ]
    • a
    • Instytucja, która sporządziła opis (NP)
    • NUKAT
    • c
    • Instytucja, która sporządziła rekord (NP)
    • WA U/BP
    • d
    • Instytucja, która zmodyfikowała rekord (P)
    • WA U/JEK
942 -Rodzaj dokumentu [ , ]
    • c
    • Rodzaj dokumentu
    • Książka
100 -Hasło główne - nazwa osobowa [1, ]
    • a
    • Nazwa osobowa (NP)
    • Braun, Marcin
    • d
    • Daty biograficzne (NP)
    • (1971- ).
    • 9
    • KHW
    • 625407
245 -Strefa tytułu i oznaczenia odpowiedzialności [1,0]
    • a
    • Tytuł
    • Konstrukcje geometryczne : Find
    • b
    • Ciąg dalszy tytułu (NP)
    • jak sobie z nimi radzić / Find
    • c
    • Pozostałe elementy strefy tytułu i oznaczenia odpowiedzialności (NP)
    • Marcin Braun.
260 -Strefa adresu wydawniczego [ , ]
    • a
    • Miejsce wydania (P)
    • Gdańsk :
    • b
    • Nazwa wydawcy (P)
    • Gdańskie Wydaw. Oświatowe,
    • c
    • Data wydania (P)
    • 1995.
300 -Strefa opisu fizycznego [ , ]
    • a
    • Określenie formy książki i/lub objętość (NP)
    • 60 s. ;
    • c
    • Format (NP)
    • 21 cm.
336 -Typ zawartości [ , ]
    • a
    • Termin opisujący typ zawartości
    • Tekst
    • b
    • Kod określający zawartość
    • txt
    • 2
    • Źródło (terminu i kodu)
    • rdacontent
337 -Typ mediów [ , ]
    • a
    • Tryb odtwarzania
    • Bez urządzenia pośredniczącego
    • b
    • Kod typu mediów
    • n
    • 2
    • Źródło (terminu i kodu)
    • rdamedia
338 -Typ/rodzaj nośnika [ , ]
    • a
    • Hasło opisujące typ nośnika
    • Wolumin
    • b
    • Kod typu nośnika
    • nc
    • 2
    • Źródło (terminu i kodu)
    • rdacarrier
080 -Uniwersalna Klasyfikacja Dziesiętna [ , ]
    • a
    • Symbol klasyfikacji
    • 514(075.2/.3)(076)
650 -Hasło przedmiotowe [ ,7]
    • a
    • Hasło przedmiotowe
    • Podstawy geometrii.
    • 2
    • Źródło terminu
    • kaba
    • 9
    • KHW
    • 109914
980 -Symbol UKD [ , ]
    • a
    • UKD
    • 514(075.2/.3)(076)
710 -Hasło dodatkowe - nazwa ciała zbiorowego [2, ]
    • a
    • Nazwa ciała zbiorowego lub nazwa geograficzna jako pierwszy element (NP)
    • Gdańskie Wydawnictwo Oświatowe.
    • 4
    • Kod relacji
    • pbl
    • 9
    • KHW
    • 78228
920 -ISBN [ , ]
    • a
    • ISBN
    • 83-85694-19-6 Find
Numer inwentarzowy Status udost. Lokalizacja Data inwentaryzacji
N.164011BG1997-04-17
N.175131BG2000-07-18